RIGVED ME DARSHNIK TATVA (Record no. 8486)

MARC details
000 -LEADER
fixed length control field 00359nam a22001457a 4500
005 - DATE AND TIME OF LATEST TRANSACTION
control field 20240118124926.0
008 - FIXED-LENGTH DATA ELEMENTS--GENERAL INFORMATION
fixed length control field 240118b |||||||| |||| 00| 0 eng d
041 ## - LANGUAGE CODE
Language code of text/sound track or separate title eng
100 ## - MAIN ENTRY--AUTHOR NAME
Personal name SHARMA, GANESH DATT
245 ## - TITLE STATEMENT
Title RIGVED ME DARSHNIK TATVA
260 ## - PUBLICATION, DISTRIBUTION, ETC. (IMPRINT)
Place of publication SHAHIBABAD
Name of publisher URRMILA PRAKASHAN
300 ## - PHYSICAL DESCRIPTION
Number of Pages 300;P
650 ## - SUBJECT ADDED ENTRY--TOPICAL TERM
Topical Term LIFE SKILL
942 ## - ADDED ENTRY ELEMENTS (KOHA)
Koha item type Books
Holdings
Lost status Damaged status Collection code Home library Current library Shelving location Date acquired Source of acquisition Cost, normal purchase price Accession Number Koha item type
    LIFE SKILL JRU Library JRU Library SHELF-43-B 17/01/2024 PURCHASE [57/2023-24] 725.00 28178 Books